Ethnic groups in Ethiopia - Statistics

General Stats
  • This quiz has been taken 61 times
    60 since last reset
  • The average score is 8 of 53
Answer Stats
Family Population Ethnicity % Correct
Afroasiatic (Cushitic) 8.21 million Somali
95%
Afroasiatic (Cushitic) 56.6 million Oromo
93%
Afroasiatic (Semitic) 29.9 million Amhara
84%
Afroasiatic (Cushitic) 2.7 million Afar
75%
Afroasiatic (Semitic) 7.09 million Tigrayan
44%
Afroasiatic (Semitic) 179 k Tigre
40%
Afroasiatic (Semitic) 4 million Gurage
28%
Afroasiatic (Semitic) 150 k Harari
28%
Afroasiatic (Cushitic) 7.81 million Sidama
25%
Nilo-Saharan (Komuz) 159 k Gumuz
18%
Indo-European (Romance) 3 k Italian
18%
Sino-Tibetan (Sinitic) 80 k Chinese
16%
Afroasiatic (Cushitic) 1.3 million Hadiya
14%
Nilo-Saharan (Eastern Sudanic) 238 k Nuer
14%
Afroasiatic (Omotic) 2.4 million Wolayta
14%
Nilo-Saharan (Berta) 209 k Berta
12%
Afroasiatic (Cushitic) 904 k Agaw
11%
Afroasiatic (Omotic) 1.6 million Gamo
11%
Nilo-Saharan (Eastern Sudanic) 100 k Anuak
9%
Afroasiatic (Cushitic) 12 k Beta Israel
7%
Afroasiatic (Cushitic) 1.4 million Gedeo
7%
Afroasiatic (Omotic) 290 k Aari
5%
Afroasiatic (Semitic) 140 k Argobba
5%
Afroasiatic (Cushitic) 87 k Burji
5%
Afroasiatic (Omotic) 46 k Hamar
5%
Afroasiatic (Omotic) 865 k Kafficho
5%
Afroasiatic (Omotic) 1.4 k Karo
5%
Afroasiatic (Cushitic) 351 k Konso
5%
Afroasiatic (Cushitic) 55 k Saho
5%
Afroasiatic (Omotic) 356 k Bench
4%
Afroasiatic (Cushitic) 88 k Daasanach
4%
Afroasiatic (Omotic) 510 k Dawro
4%
Afroasiatic (Omotic) 36 k Dizi
4%
Afroasiatic (Omotic) 360 k Goffa
4%
Afroasiatic (Cushitic) 5.63 million Kambaata
4%
Nilo-Saharan (Eastern Sudanic) 5.4 k Kunama
4%
Afroasiatic (Omotic) 43 k Mao
4%
Nilo-Saharan (Eastern Sudanic) 30 k Murle
4%
Nilo-Saharan (Eastern Sudanic) 285 k Suri
4%
Afroasiatic (Cushitic) 24 k Tsamai
4%
Afroasiatic (Omotic) 163 k Yem
4%
Afroasiatic (Cushitic) 280 k Alaba
2%
Afroasiatic (Cushitic) 7.2 k Arbore
2%
Afroasiatic (Omotic) 93 k Basketo
2%
Afroasiatic (Omotic) 13 k Chara
2%
Indo-European (Germanic)Niger-Congo (Atlantic-Congo) 1 k Jamaican
2%
Nilo-Saharan (Komuz) 18 k Komo
2%
Afroasiatic (Omotic) 84 k Konta
2%
Afroasiatic (Omotic) 160 k Koore
2%
Afroasiatic (Omotic) 105 k Maale
2%
Nilo-Saharan (Eastern Sudanic) 25 k Nyangtom
2%
Nilo-Saharan (Komuz) 2 k Opo
2%
Afroasiatic (Cushitic) 18 k Mossiya
0%
No matching quizzes found
Score Distribution
Percent of People with Each Score
Percentile by Number Answered
Your Score History
You have not taken this quiz since the last reset